| 000 | 00823nam a2200241Ia 4500 | ||
|---|---|---|---|
| 008 | 130821s1975 sp gr spa | ||
| 020 | _a8429711015 | ||
| 040 |
_aCo-BoUCM _bspa |
||
| 041 | 0 | 0 | _aspa |
| 100 | 1 |
_aMerleau-Ponty, Maurice _d1908-1961 _9109152 |
|
| 245 | 1 | 0 |
_aFenomenología de la percepción _cMaurice Merleau-Ponty ; traducción de Jem Cabanes |
| 250 | _a1a. ed | ||
| 260 |
_aBarcelona (España) _bPeninsula _c1975 |
||
| 300 | _a469 páginas | ||
| 490 | _aUniversitaria historia, ciencia, sociedad; 121 | ||
| 504 | _aNotas bibliográficas al pie de página | ||
| 650 | 0 | 4 |
_aFenomenología _915640 |
| 650 | 0 | 4 |
_aFilosofía _975 |
| 650 | 0 | 4 |
_aPercepción _9327 |
| 700 | 1 |
_aCabanes, Jem _etraductor _9156961 |
|
| 942 |
_cLIBRO _a2 _e1 _mM37f _2DEWEY _h142.7 |
||
| 999 |
_c23874 _d23874 |
||